000 00814nam a2200253Ia 4500
003 OSt
005 20221005062425.0
006 a|||||r|||| 00| 0
007 ta
008 221004b |||||||| |||| 00| 0 eng d
020 _a9780415707800 (hbk)
_c695
024 _a19191
037 _b43734, 26/03/2015, Segment Book Distributors
_cTextual
040 _aCRL
_cCRL
_beng
041 _2eng
_aeng
082 _aY15-73(Q7).281, Q3
100 _aKirmani Nida
245 0 _aQuestioning the muslim woman
_b Identity and insecurity in an urban Indian locality
260 _aLondon
_bRoutlege UK
_c2013
300 _axvi,227p.
_ccm.
650 _aSOCIOLOGY
942 _hY15-73(Q7).281, Q3
_cTEXL
_2cc
999 _c969682
_d969682